| 000 | 00354 a2200121 4500 | ||
|---|---|---|---|
| 001 | 13236 | ||
| 082 | _a621.3841340287 SCH | ||
| 090 |
_c10230 _d10230 |
||
| 100 | _aSchaub, K.B | ||
| 245 | _aProduction testing of RF and system-on-a-Chip Devices for Wireless Communications | ||
| 260 |
_alondon _bArtech House, Inc _c2004 |
||
| 300 | _axviii, 249 | ||
| 942 |
_aNUST-CAE _k621.3841340287 SCH |
||
| 999 |
_c248309 _d248309 |
||